000 00906cam a2200301Ia 4500
999 _c1092
_d1092
001 35984704
003 OCoLC
005 20180904115541.0
008 961122s1996 ohu b 000 0beng d
020 _a1557488797
020 _a9781557488794
035 _a(OCoLC)35984704
040 _aPTS
_cPTS
_dTCA
_dOCL
_dOCLCQ
_dBAKER
_dOCLCG
043 _ae-uk-en
082 _a823.4
_bW452J
090 _aBR1704
_b.W446 1996
092 _a823.42092
_bB9429w
100 1 _aWellman, Sam.
245 1 0 _aJohn Bunyan :
_bauthor of The Pilgrim's Progress /
_cSam Wellam.
260 _aUlrichsville, OH :
_bBarbour,
_c1996.
300 _a203 p. ;
_c21 cm.
440 0 _aHeroes of the faith
504 _aIncludes bibliographical references.
600 1 0 _aBunyan, John,
_d1628-1688.
650 0 _aAuthors, English
_yEarly modern, 1500-1700
_vBiography.
650 0 _aPuritans
_zEngland
_vBiography.
942 _2ddc
_cBK